Základná škola

Gespeichert in:
Bibliographische Detailangaben
1. Verfasser: Trudič, Peter (Verfasst von)
Weitere Verfasser: Palko, Milan (Betreuung Doktorarbeit)
Format: Manuskript Buch
Sprache:Slowakisch
Veröffentlicht: 2024
Schlagworte:
Online-Zugang:http://is.stuba.sk/zp/portal_zp.pl?podrobnosti=176066
https://opac.crzp.sk/?fn=detailBiblioForm&sid=24A0BAF10DE628094375ED51EC40
Tags: Tag hinzufügen
Keine Tags, Fügen Sie das erste Tag hinzu!

MARC

LEADER 00000ntm a22000003a 4500
001 stuzp98928
003 SK-STU
005 20240930101149.3
007 ta
008 150427s2015----xo-----f-mn---000-0-slo-d
040 |a STU  |b slo 
041 0 |a slo 
100 1 |a Trudič, Peter  |u 010180  |4 aut  |U SvF Stavebná fakulta  |T SvF Katedra konštrukcií pozemných stavieb  |X 99489  |U V180  |Y 18  |7 99489 
242 0 1 |a Elementary school  |y eng 
245 1 0 |a Základná škola 
260 |c 2024 
650 4 |a základná škola  |2 slo 
650 4 |a projekt na realizáciu  |2 slo 
650 4 |a diplomová práca  |2 slo 
650 4 |a trieda  |2 slo 
650 4 |a Tvrdošín  |2 slo 
650 4 |a prevetrávaná fasáda  |2 slo 
650 4 |a plochá strecha  |2 slo 
650 4 |a elementary school  |2 eng 
650 4 |a project to be implemented  |2 eng 
650 4 |a Master´s thesis  |2 eng 
650 4 |a Tvrdošín  |2 eng 
650 4 |a ventilated facade  |2 eng 
650 4 |a classroom  |2 eng 
650 4 |a flat roof  |2 eng 
700 1 |a Palko, Milan  |u 010180  |k Z1  |4 ths  |U SvF Stavebná fakulta  |T SvF Katedra konštrukcií pozemných stavieb  |X 2552  |U V180  |Y 18  |7 A000002552 
856 4 |u http://is.stuba.sk/zp/portal_zp.pl?podrobnosti=176066 
856 4 |u https://opac.crzp.sk/?fn=detailBiblioForm&sid=24A0BAF10DE628094375ED51EC40